00342pab a2200133 454500008004000000100002100040245004700061260000900108300001300117362001100130650001200141700002100153773003400174180718b2008 xxu||||| |||| 00| 0 eng d aAbraham, Rosa A. aMultidimensional poverty and vulnerability c2008 ap.77-87. a17 May aPoverty aKumar, K.S. Ravi aEconomic and Political Weekly